000 00429nam a2200193Ia 4500
005 20250423094351.0
008 250422s9999 xx 000 0 und d
020 _a0-205-38692-X
050 _aLC1099.3.N54
100 _aSonia Nieto
245 0 _aAffirming Diversity
250 _aFourth Edition
260 _aBoston
260 _bPearson
260 _c1992
300 _a464 p
650 _aEducational
942 _cBK
999 _c27029
_d27029